« Le Tout se cache dans le fragment » (Fides et ratio, § 12). Christologie et philosophie à la lumière de Fides et ratio (notice n° 1583062)

détails MARC
000 -LEADER
fixed length control field 01627cam a2200217 4500500
005 - DATE AND TIME OF LATEST TRANSACTION
control field 20251228052225.0
041 ## - LANGUAGE CODE
Language code of text/sound track or separate title fre
042 ## - AUTHENTICATION CODE
Authentication code dc
100 10 - MAIN ENTRY--PERSONAL NAME
Personal name Holzer, Vincent
Relator term author
245 00 - TITLE STATEMENT
Title « Le Tout se cache dans le fragment » (Fides et ratio, § 12). Christologie et philosophie à la lumière de Fides et ratio
260 ## - PUBLICATION, DISTRIBUTION, ETC.
Date of publication, distribution, etc. 2009.<br/>
500 ## - GENERAL NOTE
General note 18
520 ## - SUMMARY, ETC.
Summary, etc. RésuméL’articulation entre foi et raison trouve dans la christologie l’un de ses principes constitutifs. Cette relation appartient de manière exemplaire à la théologie d’inspiration catholique, et cela se vérifie en particulier dans les œuvres majeures de la pensée catholique du xxe siècle. Parmi celles-ci, on citera les œuvres d’Erich Przywara, de Karl Rahner ou de Hans Urs von Balthasar. Ces théologiens furent en débat avec les interdits que contient La Religion dans les limites de la simple raison d’Emmanuel Kant. Le texte encyclique Fides et Ratio exploite avec virtuosité les ressources d’une christologie non pas philosophique, mais d’une christologie épiphanique et expressive, capable de répondre à l’une des préoccupations majeures du texte, à savoir « accomplir le passage aussi urgent que nécessaire du phénomène au fondement ». L’article analyse cette forme de christologie.
690 ## - LOCAL SUBJECT ADDED ENTRY--TOPICAL TERM (OCLC, RLIN)
Topical term or geographic name as entry element christologie
690 ## - LOCAL SUBJECT ADDED ENTRY--TOPICAL TERM (OCLC, RLIN)
Topical term or geographic name as entry element grâce
690 ## - LOCAL SUBJECT ADDED ENTRY--TOPICAL TERM (OCLC, RLIN)
Topical term or geographic name as entry element kénose
690 ## - LOCAL SUBJECT ADDED ENTRY--TOPICAL TERM (OCLC, RLIN)
Topical term or geographic name as entry element unicité
690 ## - LOCAL SUBJECT ADDED ENTRY--TOPICAL TERM (OCLC, RLIN)
Topical term or geographic name as entry element universalité
786 0# - DATA SOURCE ENTRY
Note Transversalités | 110 | 2 | 2009-06-11 | p. 39-52 | 1286-9449
856 41 - ELECTRONIC LOCATION AND ACCESS
Uniform Resource Identifier <a href="https://shs.cairn.info/revue-transversalites-2009-2-page-39?lang=fr&redirect-ssocas=7080">https://shs.cairn.info/revue-transversalites-2009-2-page-39?lang=fr&redirect-ssocas=7080</a>

Pas d'exemplaire disponible.

PLUDOC

PLUDOC est la plateforme unique et centralisée de gestion des bibliothèques physiques et numériques de Guinée administré par le CEDUST. Elle est la plus grande base de données de ressources documentaires pour les Étudiants, Enseignants chercheurs et Chercheurs de Guinée.

Adresse

627 919 101/664 919 101

25 boulevard du commerce
Kaloum, Conakry, Guinée

Réseaux sociaux

Powered by Netsen Group @ 2025